000 00409nam a22001577a 4500
005 20151204095830.0
008 151204b xxu||||| |||| 00| 0 eng d
020 _a9789699739415
040 _cPK-LaUMT
082 _aMSC 954.91
_bFAR-I
100 _aفرخ
245 _aانقلاب پاکستان
_cفرخ
260 _aلاہور
_bجمہوری پبلیکیشنز
_c2013
300 _a157 ص
942 _cBK
999 _c79512
_d79512